| 000 | 00699nam a22002297a 4500 | ||
|---|---|---|---|
| 005 | 20170124110203.0 | ||
| 010 | _aB-061545 | ||
| 020 |
_a0070447101 _c00.00 |
||
| 035 | _aB-061545 | ||
| 037 | _bCen Lib/Ret | ||
| 040 |
_aDPL _bEN |
||
| 082 |
_a005.369 _bAND |
||
| 100 |
_aAndersen, Virginia _936602 |
||
| 245 |
_aAccess 2002 / _cby Anderesen Virginia |
||
| 260 |
_aNew Delhi _bTata McGraw hill publishing company _c2001 |
||
| 270 |
_a7 West patel nagar _bNew Delhi _e110008 |
||
| 300 |
_axxii, 663p. _c22cm(Hb) |
||
| 500 | _aIncludes appendix and index | ||
| 650 |
_aComputer science _972836 |
||
| 650 |
_aApplication software _921457 |
||
| 942 |
_2ddc _cEN _h005.369 _mAND |
||
| 999 |
_c133031 _d133031 |
||